Ťaživé ticho
| Main Author: | |
|---|---|
| Other Authors: | |
| Format: | Book |
| Language: | Slovak English |
| PhysicalDescription: | 352 strán 21 cm |
| Published: |
Bratislava
Grada Slovakia s.r.o. - Cosmopolis
2023
|
| ISBN: | 9788080906290 9788080906313 9788080906306 |
| Edition: | Vydanie 1. |
| Subjects: |
MARC
| LEADER | 00000nam a2200000 4500 | ||
|---|---|---|---|
| 001 | vtls012244355 | ||
| 003 | SK-MaSNL | ||
| 005 | 20260301220011.0 | ||
| 008 | 231121s2023 xo gr 000 fdslo | ||
| 015 | |a SNBA2024/04 | ||
| 020 | |a 9788080906290 |q (viazané) | ||
| 020 | |a 9788080906313 |q (ePub) | ||
| 020 | |a 9788080906306 |q (pdf) | ||
| 040 | |a SNK |b slo |c SNK |e rda | ||
| 041 | 1 | |a slo |h eng | |
| 044 | |a xo |c SK | ||
| 072 | 7 | |a 821.111-3 |x Anglická próza, anglicky písaná |2 konspekt | |
| 080 | |a 821.111-31 |2 2011 | ||
| 080 | |a (0:82-312.4) |2 2011 | ||
| 100 | 1 | |a Bryndza, Robert, |d 1979- |4 aut |9 158729 | |
| 240 | 1 | 0 | |a Fear to silence |l Slovensky |
| 245 | 1 | 0 | |a Ťaživé ticho |c Robert Bryndza ; z anglického originálu Fear to silence ... preložil do slovenčiny Michal Zidor |
| 250 | |a Vydanie 1. | ||
| 264 | 1 | |a Bratislava |b Grada Slovakia s.r.o. - Cosmopolis |c 2023 | |
| 300 | |a 352 strán |c 21 cm | ||
| 336 | |a text |b txt |2 rdacontent | ||
| 337 | |a bez média |b n |2 rdamedia | ||
| 338 | |a zväzok |b nc |2 rdacarrier | ||
| 500 | |a Obsahuje stručné biografické údaje o autorovi na záložke prebalu publikácie | ||
| 500 | |a Na obálke hore uvedené: Traja ľudia vedia udržať tajomstvo... Ak sú dvaja z nich mŕtvi | ||
| 500 | |a Vydala Grada Slovakia s.r.o. pod značkou Cosmopolis | ||
| 655 | 7 | |a anglické romány |2 SNKPH |9 70428 | |
| 655 | 7 | |a detektívne romány |2 SNKPH |9 70455 | |
| 655 | 7 | |a trilery (romány) |2 SNKPH |9 151146 | |
| 655 | 7 | |a English fiction |2 SNKPHeng |9 109944 | |
| 655 | 7 | |a Detective novels |2 SNKPHeng |9 121444 | |
| 655 | 7 | |a Thrillers (novels) |2 SNKPHeng |9 310918 | |
| 700 | 1 | |a Zidor, Michal |4 trl |9 182849 | |
| 700 | 1 | |a Ondrovičová, Zuzana |4 bkd |9 230138 | |
| 852 | |a Slovenská národná knižnica | ||
| 919 | |a 978-80-8090-629-0 | ||
| 919 | |a 978-80-8090-631-3 | ||
| 919 | |a 978-80-8090-630-6 | ||
| 954 | |a beletria cudzojazyčná (svetová) |2 lita | ||
| 958 | |a LX | ||
| 958 | |a UP | ||
| 968 | |b ENG | ||
| 999 | |c 930254 |d 932184 | ||
| 952 | |a SNK |b SNKPULT |y PREZ |7 0 |p 17A1546830 |o snkSC 204294 D1 |i snk2024/6717 |8 0 |0 0 |1 0 |4 0 |d 2024-04-26 |l 1 |q 2025-12-18 |r 2026-02-28 18:31:34 |s 2026-02-28 |w 2026-02-24 | ||
| 952 | |a SNK |b SNK |y PREZ |7 0 |p 17A1539555 |o snkSC 204294 |i snk2023/16842 |8 0 |z |0 0 |1 0 |4 0 |d 2023-11-21 |l 0 |r 2025-10-28 00:00:00 |w 2026-02-24 | ||


